[Event "Asian Zonal 3.3 2019"]
[Site "Ulaanbaatar"]
[Date "2019.04.13"]
[Round "7.8"]
[White "Amartuvshin, Ganzorig"]
[Black "Priasmoro, Novendra"]
[Result "1-0"]
[WhiteElo "2373"]
[BlackElo "2479"]
[Annotator "TA"]
[PlyCount "45"]
[EventDate "2019.04.07"]
[EventType "swiss"]
[EventRounds "9"]
[EventCountry "MGL"]
[SourceTitle "playchess.com"]
[Source "ChessBase"]
[SourceQuality "1"]

{[%evp 12,45,12,22,23,20,8,0,0,-6,114,125,127,112,117,117,119,119,118,127,259,250,211,227,191,133,119,119,586,549,619,602,679,663,767,736]} 1. d4 Nf6 2. c4 b6 3. Nf3 Bb7 4. g3 g6 5. Bg2 Bg7 6. O-O O-O 7. d5 Ne4 {A50: Queen's Fianchetto Defence (1 d4 Nf6 2 c4 b6)} (7... e6 8. Nc3 Re8 9. Nd4 exd5 10. cxd5 Na6 11. Rb1 Nc5 12. Bf4 Nce4 13. Nxe4 Nxe4 14. Nb5 d6 15. Qc2 Bxd5 16. Qxc7 {1-0 (54) So,W (2765)-Mamedyarov,S (2817) Kolkata 2018}) 8. Qc2 f5 9. Nbd2 Nd6 {The position is equal.} 10. e4 fxe4 (10... c6 $11) 11. Nxe4 $16 Nxe4 12. Qxe4 e6 13. Bg5 Qe8 $146 ({Predecessor:} 13... Bf6 14. Bxf6 Qxf6 15. Ne5 {0-1 (40) Tate,A (2335)-Green,A (2173) Edinburgh 2015}) 14. Qh4 $36 {[%mdl 2048] White is on the roll.} Na6 15. Rae1 Nc5 {[#]} (15... Bxb2 $16 16. Nd4 Bc3) 16. b4 $1 $18 {[%cal Rb4c5]} Nd3 {[#]} 17. Re3 $1 {[%cal Re3d3]} Nxb4 18. dxe6 (18. Be7 $18) 18... dxe6 $16 19. Be7 {[%mdl 64] Double Attack} Nc2 $2 {[%mdl 8192]} (19... Bxf3 $16 {is tougher.} 20. Bxf3 Rxf3 21. Rxf3 Nc6) 20. Bxf8 $18 {White is clearly winning.} (20. Ng5 h6 $11) 20... Nxe3 21. fxe3 Bxf3 22. Bxg7 ({Stronger than} 22. Rxf3 Bxf8 23. Bh3 Qd7 $11) 22... Bxg2 23. Rf8+ {Accuracy: White = 96%, Black = 50%.} ({Weaker is} 23. Kxg2 Kxg7 24. Qe4 Rc8 $15) 1-0

[Event "Asian Zonal 3.3 2019"]
[Site "Ulaanbaatar"]
[Date "2019.04.13"]
[Round "7.9"]
[White "Nguyen, Duc Hoa"]
[Black "Lkhagvasuren, Tsedvee"]
[Result "1/2-1/2"]
[WhiteElo "2433"]
[BlackElo "2336"]
[Annotator "TA"]
[PlyCount "147"]
[EventDate "2019.04.07"]
[EventType "swiss"]
[EventRounds "9"]
[EventCountry "MGL"]
[SourceTitle "playchess.com"]
[Source "ChessBase"]
[SourceQuality "1"]

{[%evp 9,147,4,17,-13,4,-7,44,47,45,47,54,50,58,55,43,52,77,60,50,41,60,50,48,23,20,42,47,24,25,-10,-7,-8,11,14,16,18,22,10,11,11,14,11,12,10,16,8,25,25,27,10,16,15,29,31,35,20,25,31,28,21,44,30,23,28,25,26,58,68,68,12,31,8,8,0,0,0,4,4,4,4,12,12,12,0,0,0,0,0,2,0,2,0,0,0,0,0,0,0,0,0,0,0,0,-8,0,0,0,-8,-8,-500,-496,-422,-8,-8,-8,-8,-8,-8,0,0,0,-10,-8,-8,-8,-8,-8,-8,-8,-8,-8,-8,0,0,0,0,0,0,0,0]} 1. e4 e5 2. Nf3 Nc6 3. d4 exd4 4. Nxd4 Nf6 5. Nxc6 bxc6 6. Qe2 {C45: Scotch Game} (6. e5 Qe7 7. Qe2 Nd5 8. c4 Ba6 9. b3 g6 10. g3 Bg7 11. Bb2 O-O 12. Bg2 Rae8 13. O-O Bxe5 14. Qxe5 Qxe5 15. Bxe5 Rxe5 16. cxd5 Bxf1 17. Kxf1 cxd5 18. Nc3 c6 19. Rd1 Rfe8 20. Bf3 Kf8 21. Ne2 {½-½ (41) Aronian,L (2765)-Amin,B (2709) Germany 2019}) 6... Qe7 7. Nc3 {[%cal Bb1c3,Bc3b5,Bb5d4,Bd4f3][%mdl 32]} d5 (7... Rb8 $11) 8. exd5 $14 {White is slightly better.} Qxe2+ 9. Bxe2 cxd5 10. Nb5 Bb4+ 11. c3 Ba5 12. Bf4 Kd7 13. Nd4 c6 14. O-O-O $146 Bc7 15. Be3 Be5 16. Nf3 Bd6 17. c4 Re8 18. Bd3 Kc7 19. Bd4 dxc4 20. Bxc4 Be6 21. Bxe6 Rxe6 22. Rhe1 Rxe1 23. Rxe1 Nd5 24. g3 f6 25. a3 a6 26. Kc2 Kd7 27. Nd2 Rb8 28. Nc4 Bc7 29. Bc5 h5 30. Re4 (30. b4 {feels hotter.} g5 31. h3 Rb5 32. Rd1 Ke6 33. Nd2) 30... Re8 31. Rxe8 Kxe8 $11 {[%mdl 4096] Endgame KBN-KBN} 32. Bd6 Bd8 33. Kd3 Kd7 34. Bf8 g6 35. Nd6 Bb6 {And now ...Bc5 would win.} 36. Ne4 f5 37. Nc5+ Bxc5 38. Bxc5 {KB-KN} g5 39. Kd4 (39. Be3 $14) 39... Ke6 40. Ba7 Nf6 $1 41. f3 Nd7 $1 42. h3 Ne5 43. f4 gxf4 44. gxf4 Nd7 45. Kc4 Kd6 46. b4 Ke6 47. Bd4 Kd6 48. Bg7 Ke6 49. Kd4 Kd6 50. Bh6 Ke6 51. Bg5 Kd6 52. Bd8 Nf8 53. Kc4 Ne6 54. Bg5 Kd7 55. Kd3 Kc7 56. Ke3 Kd6 57. Bh6 Kd5 58. Kf3 Kd4 59. Kg3 $2 {[%mdl 8192]} (59. Bg5 $1 $11 {and White is okay.}) 59... Ke4 $19 60. Bg5 {[#]} Nf8 $2 (60... Nxf4 $1 $19 {[%mdl 512]} 61. Bh6 (61. Bxf4 $2 h4+ 62. Kg2 Kxf4 $19) 61... Ne6) 61. Kh4 $11 {The position is equal.} Ng6+ 62. Kxh5 Nxf4+ {[%mdl 64] Double Attack} 63. Kh4 $1 Nd3 {...f4 is the strong threat.} 64. Kg3 $1 f4+ 65. Kg2 Ne1+ 66. Kf2 Nc2 67. h4 Kf5 68. Kf3 Nd4+ 69. Kf2 Kg4 {White should prevent ...Nf3.} 70. Bd8 $1 Nb5 71. h5 Kxh5 {aiming for ...Kg4.} 72. Kf3 Nxa3 73. Kxf4 Nc2 74. Ba5 {Accuracy: White = 64%, Black = 65%.} 1/2-1/2

[Event "Asian Zonal 3.3 2019"]
[Site "Ulaanbaatar"]
[Date "2019.04.13"]
[Round "7.9"]
[White "Khatanbaatar, Bazar"]
[Black "Megaranto, Susanto"]
[Result "0-1"]
[WhiteElo "2337"]
[BlackElo "2523"]
[Annotator "ChessBase"]
[PlyCount "80"]
[EventDate "2019.04.07"]
[EventType "swiss"]
[EventRounds "9"]
[EventCountry "MGL"]
[SourceTitle "playchess.com"]
[Source "ChessBase"]
[SourceQuality "1"]
[TimeControl "40/5400+30:1800+30"]

1. e4 {[%emt 0:00:00]} d6 {[%emt 0:00:00]} 2. d4 {[%emt 0:00:00]} Nf6 {[%emt 0:00:00]} 3. Nc3 {[%emt 0:00:00]} g6 {[%emt 0:00:00]} 4. f4 {[%emt 0:00:24]} Bg7 {[%emt 0:00:11]} 5. Nf3 {[%emt 0:00:55]} O-O {[%emt 0:00:30]} 6. Bd3 {[%emt 0:01:19]} Na6 {[%emt 0:01:05]} 7. a3 {[%emt 0:06:17]} c5 {[%emt 0:01:25]} 8. d5 {[%emt 0:02:35]} Nc7 {[%emt 0:12:49]} 9. a4 {[%emt 0:04:06]} Bg4 {[%emt 0:04:36]} 10. h3 {[%emt 0:02:45]} Bxf3 {[%emt 0:00:13]} 11. Qxf3 {[%emt 0:00:07]} a6 {[%emt 0:07:59]} 12. O-O {[%emt 0:01:37]} Rb8 {[%emt 0:03:52]} 13. a5 {[%emt 0:03:58]} b5 {[%emt 0:00:58]} 14. axb6 {[%emt 0:06:16]} Rxb6 {[%emt 0:00:02]} 15. Nd1 {[%emt 0:00:35]} e6 {[%emt 0:08:15]} 16. dxe6 {[%emt 0:02:41]} fxe6 {[%emt 0:01:11]} 17. c3 {[%emt 0:04:40]} d5 {[%emt 0:07:46]} 18. exd5 {[%emt 0:09:19]} exd5 {[%emt 0:00:32]} 19. f5 {[%emt 0:00:24]} c4 {[%emt 0:12:39]} 20. Bc2 {[%emt 0:05:29]} d4 {[%emt 0:02:27]} 21. cxd4 {[%emt 0:00:43]} Nb5 {[%emt 0:00:29]} 22. Be3 {[%emt 0:05:33]} Nd5 {[%emt 0:06:12]} 23. Be4 {[%emt 0:08:17]} Nxe3 {[%emt 0:01:18]} 24. Nxe3 {[%emt 0:00:15]} Nxd4 {[%emt 0:00:24]} 25. Qg4 {[%emt 0:00:54]} h5 {[%emt 0:05:42]} 26. Qd1 {[%emt 0:01:33]} Rxb2 {[%emt 0:01:25]} 27. Re1 {[%emt 0:15:43]} Ne2+ {[%emt 0:04:10]} 28. Rxe2 {[%emt 0:03:25]} Qxd1+ {[%emt 0:00:06]} 29. Rxd1 {[%emt 0:00:36]} Rxe2 {[%emt 0:00:04]} 30. Bd5+ {[%emt 0:00:16]} Kh8 {[%emt 0:04:36]} 31. Nxc4 {[%emt 0:00:11]} gxf5 {[%emt 0:00:46]} 32. Bf3 {[%emt 0:01:09]} Rc2 {[%emt 0:00:07]} 33. Ne3 {[%emt 0:00:13]} Rc5 {[%emt 0:00:15]} 34. Bxh5 {[%emt 0:02:29]} a5 {[%emt 0:04:57]} 35. g4 {[%emt 0:12:46]} fxg4 {[%emt 0:01:01]} 36. hxg4 {[%emt 0:00:00]} Bh6 {[%emt 0:02:56]} 37. Nf5 {[%emt 0:00:00]} Rc1 {[%emt 0:00:09]} 38. Rxc1 {[%emt 0:00:00]} Bxc1 {[%emt 0:00:06]} 39. Ne7 {[%emt 0:00:00]} Kg7 {[%emt 0:00:55]} 40. Nd5 {[%emt 0:00:00]} a4 {[%emt 0:00:00]} 0-1

[Event "Asian Zonal 3.3 2019"]
[Site "Ulaanbaatar"]
[Date "2019.04.13"]
[Round "7.10"]
[White "Batsuren, Dambasuren"]
[Black "Nasanjargal, Urtnasan"]
[Result "0-1"]
[WhiteElo "2444"]
[BlackElo "2482"]
[Annotator "ChessBase"]
[PlyCount "88"]
[EventDate "2019.04.07"]
[EventType "swiss"]
[EventRounds "9"]
[EventCountry "MGL"]
[SourceTitle "playchess.com"]
[Source "ChessBase"]
[SourceQuality "1"]
[TimeControl "40/5400+30:1800+30"]

1. d4 {[%emt 0:00:00]} Nf6 {[%emt 0:00:00]} 2. c4 {[%emt 0:00:00]} g6 {[%emt 0:00:13]} 3. Nc3 {[%emt 0:00:00]} Bg7 {[%emt 0:00:14]} 4. Nf3 {[%emt 0:00:00]} O-O {[%emt 0:00:11]} 5. g3 {[%emt 0:00:04]} c5 {[%emt 0:00:14]} 6. d5 {[%emt 0:00:17]} d6 {[%emt 0:00:24]} 7. Bg2 {[%emt 0:00:07]} e6 {[%emt 0:00:08]} 8. O-O {[%emt 0:00:40]} exd5 {[%emt 0:00:11]} 9. cxd5 {[%emt 0:00:07]} Re8 {[%emt 0:00:10]} 10. Nd2 {[%emt 0:01:31]} a6 {[%emt 0:02:08]} 11. a4 {[%emt 0:00:09]} Nbd7 {[%emt 0:00:09]} 12. Nc4 {[%emt 0:00:09]} Ne5 {[%emt 0:00:15]} 13. Nxe5 {[%emt 0:02:51]} Rxe5 {[%emt 0:00:07]} 14. e4 {[%emt 0:00:17]} Rb8 {[%emt 0:02:27]} 15. a5 {[%emt 0:02:14]} Re8 {[%emt 0:00:48]} 16. Re1 {[%emt 0:02:04]} Ng4 {[%emt 0:04:45]} 17. h3 {[%emt 0:08:44]} Ne5 {[%emt 0:00:37]} 18. f4 {[%emt 0:04:31]} Nc4 {[%emt 0:01:34]} 19. Qa4 {[%emt 0:00:29]} b5 {[%emt 0:01:00]} 20. axb6 {[%emt 0:00:08]} Nxb6 {[%emt 0:00:59]} 21. Qa2 {[%emt 0:01:09]} a5 {[%emt 0:08:41]} 22. Bf1 {[%emt 0:13:08]} h5 {[%emt 0:09:28]} 23. Bd2 {[%emt 0:14:31]} Bd4+ {[%emt 0:00:41]} 24. Kh2 {[%emt 0:08:24]} h4 {[%emt 0:00:43]} 25. g4 {[%emt 0:00:06]} Bf2 {[%emt 0:00:34]} 26. Re2 {[%emt 0:00:20]} Bg3+ {[%emt 0:02:12]} 27. Kg1 {[%emt 0:00:07]} Qf6 {[%emt 0:07:59]} 28. e5 {[%emt 0:02:24]} dxe5 {[%emt 0:10:12]} 29. Ne4 {[%emt 0:00:16]} Qg7 {[%emt 0:06:16]} 30. Nxg3 {[%emt 0:08:34]} hxg3 {[%emt 0:00:06]} 31. Bc3 {[%emt 0:04:06]} Qh6 {[%emt 0:02:54]} 32. Bxe5 {[%emt 0:05:01]} Ba6 {[%emt 0:03:36]} 33. g5 {[%emt 0:06:30]} Qh4 {[%emt 0:02:02]} 34. Rd2 {[%emt 0:00:26]} Rxe5 {[%emt 0:08:26]} 35. fxe5 {[%emt 0:00:12]} Qxg5 {[%emt 0:00:32]} 36. Rad1 {[%emt 0:08:29]} Qe3+ {[%emt 0:03:34]} 37. Kg2 {[%emt 0:00:06]} Qe4+ {[%emt 0:00:47]} 38. Kg1 {[%emt 0:01:53]} Bxf1 {[%emt 0:00:31]} 39. Kxf1 {[%emt 0:00:29]} Nc4 {[%emt 0:01:43]} 40. b3 {[%emt 0:00:00]} Qh1+ {[%emt 0:00:00]} 41. Ke2 {[%emt 0:00:52]} Qg2+ {[%emt 0:04:09]} 42. Ke1 {[%emt 0:01:05]} Qg1+ {[%emt 0:02:00]} 43. Ke2 {[%emt 0:00:07]} Qf2+ {[%emt 0:00:09]} 44. Kd3 {[%emt 0:00:19]} Qf3+ {[%emt 0:00:29]} 0-1

[Event "Asian Zonal 3.3 2019"]
[Site "Ulaanbaatar"]
[Date "2019.04.13"]
[Round "7.10"]
[White "Bersamina, Paulo"]
[Black "Garidmagnai, Byambasuren"]
[Result "1-0"]
[WhiteElo "2444"]
[BlackElo "2313"]
[Annotator "TA"]
[PlyCount "63"]
[EventDate "2019.04.07"]
[EventType "swiss"]
[EventRounds "9"]
[EventCountry "MGL"]
[SourceTitle "playchess.com"]
[Source "ChessBase"]
[SourceQuality "1"]

{[%evp 10,63,30,28,70,69,60,68,98,61,98,-2,0,-6,89,87,85,84,113,106,103,110,195,186,182,172,234,213,282,273,275,199,519,583,542,487,544,515,547,491,661,633,714,286,278,252,666,664,931,908,815,807,782,774,29988,29986]} 1. e4 c6 2. d4 d5 3. exd5 cxd5 4. c4 Nf6 5. Nc3 e6 6. Nf3 a6 {E57: Nimzo-Indian: Rubinstein: Main Line: 7...Nc6 8 a3 dxc4 9 Bxc4 cxd4} (6... Bb4 7. cxd5 exd5 8. Bd3 O-O 9. O-O h6 10. Ne5 Nc6 11. Nxc6 bxc6 12. Bf4 Re8 13. Rc1 Bd6 14. Bg3 Rb8 15. Na4 Bxg3 16. hxg3 Qd6 17. a3 {1-0 (49) Artemiev,V (2709)-Korobov,A (2698) St Petersburg 2018}) 7. c5 b6 8. b4 {[%cal Bb2b4,Bb4b5][%mdl 32]} Nc6 {White is slightly better.} 9. Rb1 Ne4 $146 ({Predecessor:} 9... b5 10. Bd3 Bd7 11. O-O Be7 12. Bg5 O-O 13. Re1 Re8 14. a4 Na7 15. Ne5 h6 {1-0 (59) Bochis,J (1936)-Sop,S Sibenik 2007}) 10. Nxe4 ({White should play} 10. Qc2 $16) 10... dxe4 $11 11. b5 exf3 (11... Na7 $1 $11) 12. bxc6 $16 bxc5 13. Qxf3 {c7! is the strong threat.} Ra7 {[#]} 14. dxc5 $1 Bxc5 15. Bd3 f5 (15... Qa5+ $16 16. Bd2 Qxa2) 16. O-O $18 O-O 17. Bc4 Kh8 (17... Bd6 $142) 18. Bf4 Qf6 19. Rfe1 Bd4 {If only Black now had time for ...e5....} 20. Bb8 {Strongly threatening c7.} e5 $2 (20... Raf7 {is a better chance.} 21. Bd6 Rd8) 21. Bxa7 Bxa7 22. Qd5 e4 23. c7 Qe7 24. Qc6 Bd7 25. Qxa6 Qc5 26. Kh1 (26. Red1 $142 Qxc7 27. Rb7 {[%mdl 64] Double Attack} Bxf2+ 28. Kh1) 26... Bc8 27. Rec1 f4 $2 (27... Bxa6 $2 {too greedy.} 28. Bxa6 Qe7 29. c8=Q $18) (27... Qxc7 28. Qa4 Bb8) 28. Bd3 Qd4 {And now ...f3 would win.} 29. Qa3 {[%cal Ra3f8]} Rg8 {[#]} 30. Bxe4 $1 {[%mdl 64] Deflection} Qxe4 31. Qxa7 Bh3 32. f3 {Accuracy: White = 68%, Black = 18%.} 1-0

[Event "Asian Zonal 3.3 2019"]
[Site "Ulaanbaatar"]
[Date "2019.04.13"]
[Round "7.11"]
[White "Altanbayar, Tserenpeljee"]
[Black "Agibileg, Uurtsaikh"]
[Result "1/2-1/2"]
[WhiteElo "2060"]
[BlackElo "2403"]
[Annotator "TA"]
[PlyCount "112"]
[EventDate "2019.04.07"]
[EventType "swiss"]
[EventRounds "9"]
[EventCountry "MGL"]
[SourceTitle "playchess.com"]
[Source "ChessBase"]
[SourceQuality "1"]

{[%evp 23,112,-15,-15,0,-10,-60,-72,-89,-66,-103,-59,-52,-16,-22,-13,-26,-23,-122,-24,-16,-16,-83,-60,-137,-153,-149,-143,-168,-165,-140,-127,-262,-124,-181,-181,-194,-9,-24,0,0,71,33,67,55,112,111,122,-221,-250,-246,-229,-219,-237,-181,-110,-100,-133,-120,0,0,0,0,0,0,-8,-156,-16,-16,-16,-16,-16,-16,-16,-184,-176,-468,-2,-2,0,0,0,0,0,0,0,0,0,0,0,0,0]} 1. e4 c5 2. Nf3 e6 3. d4 cxd4 4. Nxd4 Nc6 5. Nc3 a6 6. Be2 Qc7 7. O-O Nf6 8. Be3 Be7 9. f4 d6 10. Bf3 O-O 11. Qe1 Na5 12. Rd1 Nc4 13. Bc1 {B84: Sicilian Scheveningen: 6 Be2 a6, lines without early Be3} e5 14. Nb3 (14. fxe5 dxe5 15. Nb3 Be6 16. Kh1 Bb4 17. Qg3 Bxc3 18. bxc3 Ne8 19. Bg4 Bxg4 20. Qxg4 Qc6 {½-½ (36) Gazis,E (2195)-Tsarouhas,K (2153) Rio Achaea 2018}) 14... b5 $146 ({Predecessor:} 14... exf4 15. Bxf4 Nxb2 16. Nd5 Nxd5 17. Rxd5 Be6 18. Rh5 Qxc2 19. Qg3 g6 20. Nd4 Qd3 {0-1 (33) Fajardo,C-Martinez,C Cartagena 2001}) 15. fxe5 {Black is better.} dxe5 (15... Nxe5 $6 16. a3 $11) 16. Qg3 Kh8 17. Kh1 b4 18. Nd5 Nxd5 19. exd5 Bd6 20. Qh4 (20. Be2 $11) 20... a5 ({Better is} 20... f5 $1 $17 21. g4 a5 22. gxf5 Bxf5) 21. Be2 $11 Nb6 $1 22. Nd2 (22. Bg5 $11) 22... Be7 $36 {[%mdl 2048] Black fights for an advantage.} 23. Qh5 (23. Qg3 $1 $15) 23... g6 ({Don't do} 23... Nxd5 24. Nf3 $15) 24. Qh6 Nxd5 ({And not} 24... Qxc2 25. Bd3 $1 $11 {[%mdl 512]}) 25. Ne4 {White wants to mate with Ng5.} Bb7 26. Rd3 f5 $1 {[%cal Rf5e4]} 27. Rh3 (27. Ng5 $17 Bxg5 28. Bxg5) 27... Bf6 (27... Rf7 $1 $19 {is more deadly.} 28. Qxg6 {[%mdl 64] Double Attack} Raf8) 28. Ng5 (28. Nc5 $17 Rf7 29. Nxb7) 28... Bxg5 $1 $19 29. Bxg5 Kg8 $2 ({Black should play} 29... Rf7 $1 $19 {aiming for ...Kg8.} 30. Bb5 (30. Qxg6 $2 Rg8 $19 {[%mdl 64] Pin}) 30... Ba6 31. Bxa6 Rxa6) 30. Bc4 $1 $11 Rf7 31. b3 $1 {Black should prevent Rd1.} a4 (31... e4 $11) 32. Rd1 $16 axb3 33. axb3 f4 (33... e4 $14) 34. Rhd3 {[%mdl 1024] h3 is the strong threat. White has strong compensation.} Qd6 35. Qh3 $2 {[%mdl 8192]} (35. h4 $1 $16 {stays on course.} Ra5 36. h5) 35... e4 $1 $19 {[%cal Re4d3]} 36. Rd4 Qe5 $1 {[%cal Re5d4] Strongly threatening ...Qxd4!} 37. Qg4 {[%cal Rd4d5]} h5 38. Qe2 {[%cal Rc4d5] [#]} Qxg5 (38... Ra1 $1 $19 {[%mdl 512]} 39. Rxa1 Qxd4) 39. Rxd5 $17 Bxd5 40. Bxd5 Rd8 (40... Re8 $17 {Threatening ...e3.} 41. Qb5 Kf8 42. Qxb4+ Qe7) 41. Bxf7+ $11 Kxf7 {[%mdl 4096] Endgame KQR-KQR} 42. Qc4+ Kf8 43. Qxb4+ Kg7 44. Re1 (44. Rxd8 $11 {remains equal.} Qxd8 45. h3) 44... f3 ({Black should try} 44... e3 $17 {next ...Rd2 is good for Black.} 45. g3 fxg3 46. hxg3 Qxg3 47. Qe7+ Kh6 48. Qxe3+ Qxe3 49. Rxe3 Rd1+ 50. Kg2 Rd2+ 51. Kg3 Rxc2) 45. gxf3 {And now Qb7+ would win.} Rd2 $1 {[%csl Gd2][%cal Rg5g2]} 46. Qc3+ Kh7 {[%csl Gd2][%cal Rg5g2]} 47. Qc7+ Kh6 {[%csl Gd2][%cal Rg5g2]} 48. Rg1 $2 {[#]} (48. Qg3 $1 $11 {and White is okay.}) 48... Qf6 $1 $19 {[%cal Rf6f3]} 49. Qg3 $2 {[#]} (49. f4) 49... exf3 $2 (49... h4 $1 $19 {[%cal Rh4g3]} 50. Qg4 exf3) 50. Rf1 $11 {The position is equal.} f2 51. Qe3+ g5 {( -> ...Qc6+)} 52. h4 Qc6+ 53. Kh2 Qd6+ 54. Kg2 Qd5+ 55. Kg3 Qd6+ 56. Kg2 Qd5+ {Accuracy: White = 35%, Black = 49%.} 1/2-1/2

[Event "Asian Zonal 3.3 2019"]
[Site "Ulaanbaatar"]
[Date "2019.04.13"]
[Round "7.12"]
[White "Amilal, Munkhdalai"]
[Black "Tugstumur, Yesuntumur"]
[Result "1/2-1/2"]
[WhiteElo "2042"]
[BlackElo "2355"]
[Annotator "TA"]
[PlyCount "87"]
[EventDate "2019.04.07"]
[EventType "swiss"]
[EventRounds "9"]
[EventCountry "MGL"]
[SourceTitle "playchess.com"]
[Source "ChessBase"]
[SourceQuality "1"]

{[%evp 27,87,10,22,12,33,19,31,27,30,6,23,16,43,38,27,31,71,58,57,62,61,79,83,81,76,82,149,97,134,0,-6,-12,34,35,48,40,42,36,72,73,73,62,70,67,69,54,55,15,50,24,24,25,33,61,25,24,25,22,20,0,23,0]} 1. e4 c5 2. Nf3 e6 3. d4 cxd4 4. Nxd4 Nc6 5. Nc3 Qc7 6. Be3 a6 7. Be2 Nf6 8. O-O Be7 9. f4 d6 10. Qe1 O-O 11. Qg3 Nxd4 12. Bxd4 b5 13. a3 Bb7 14. Kh1 Rad8 15. Rae1 {B85: Sicilian Scheveningen: 6 Be2 a6, lines with early Be3} Rfe8 (15... Qd7 16. Bd3 Nh5 17. Qg4 Nf6 18. Qg3 Nh5 19. Qg4 Nf6 20. Qg3 Nh5 21. Qg4 Nf6 22. Qg3 {½-½ (24) Andreikin,D (2712)-Grischuk,A (2772) Huaian 2017}) 16. Bd3 Bc6 17. Nd1 {White is slightly better.} g6 18. f5 $146 ({Predecessor:} 18. Nf2 Nh5 19. Qe3 Rc8 20. Ng4 Bf8 21. Nf6+ Nxf6 22. Bxf6 Bg7 23. e5 Bb7 24. Bxg7 Kxg7 {0-1 (63) Mukhutdinov,T (2162)-Khanin,S (2434) Kazan 2017}) 18... e5 19. Bc3 Nh5 20. Qf3 Bf8 21. Ne3 Nf4 22. g3 $36 {[%mdl 2048] Black is under pressure.} Nxd3 23. cxd3 Bg7 24. h4 d5 25. exd5 Ba8 26. Kh2 f6 (26... Qd7 $142) 27. d4 (27. fxg6 $142 hxg6 28. h5 gxh5 29. Qxh5) 27... e4 28. Qf4 (28. Qg4 $16) 28... Qxf4 $11 29. Rxf4 Kf7 30. g4 g5 31. hxg5 fxg5 32. Rf2 Bxd5 {[#]} 33. f6 $1 {[%cal Rf6g7]} Bf8 {[#]} 34. Rf5 $1 ({Reject} 34. Nxd5 Rxd5 35. Rfe2 a5 $11) 34... Be6 35. Rxg5 Kxf6 36. Rh5 {Hoping for d5+.} Kg6 37. Kh3 (37. Ng2 $5 {[%cal Rg2f4]} h6 38. Nf4+ Kh7 39. Nxe6 Rxe6 40. d5 $14) 37... Bh6 38. Ng2 Bg5 39. Nh4+ Bxh4 $1 40. Kxh4 {Black must now prevent d5.} Bc4 41. Rg5+ Kf7 42. Rf5+ Kg8 43. Rg5+ Kf7 44. Rf5+ {Accuracy: White = 64%, Black = 63%.} 1/2-1/2

[Event "Asian Zonal 3.3 2019"]
[Site "Ulaanbaatar"]
[Date "2019.04.13"]
[Round "7.13"]
[White "Tran, Minh Thang"]
[Black "Khuslen, Altan-Ochir"]
[Result "1-0"]
[WhiteElo "2349"]
[BlackElo "1927"]
[Annotator "TA"]
[PlyCount "59"]
[EventDate "2019.04.07"]
[EventType "swiss"]
[EventRounds "9"]
[EventCountry "MGL"]
[SourceTitle "playchess.com"]
[Source "ChessBase"]
[SourceQuality "1"]

{[%evp 15,59,-2,-2,-7,8,11,15,6,12,-15,-16,-31,-15,-17,-25,-40,-52,-64,-18,-22,-36,-144,-139,-129,-48,-48,-44,-33,-21,-179,-182,-400,-391,-390,194,183,797,789,762,756,872,869,835,816,798,808]} 1. d4 d5 2. Bf4 Nf6 3. e3 c5 4. Nd2 (4. c3 Nc6 5. Nd2 Qb6 6. Qb3 Nh5 7. Qxb6 axb6 8. Bc7 cxd4 9. exd4 e5 10. Bxe5 Nxe5 11. dxe5 Bc5 12. g3 O-O {1-0 (76) Aronian,L (2765)-Caruana,F (2832) London 2018}) 4... Nc6 5. Ngf3 Bg4 6. h3 {D00: 1 d4 d5: Unusual lines} Bxf3 7. Nxf3 e6 8. c3 Bd6 {LiveBook: 4 Games} 9. dxc5 Bxf4 10. exf4 Ne4 11. Bb5 (11. Bd3 {with more complications.} Nxc5 12. Bc2 Qb6 13. Rb1 Rd8 14. O-O) 11... O-O $146 ({Predecessor:} 11... Nxc5 12. Bxc6+ bxc6 {1-0 (26) Bellia,F (2435)-Golikov,D (2220) Stockholm 2018}) 12. Bxc6 bxc6 13. b4 Qf6 14. Qd4 Qxf4 15. c4 a5 16. b5 dxc4 17. b6 Rad8 $36 {[%mdl 2048] White is under pressure.} 18. Qe5 ({White must play} 18. Qxc4 $15 Nxf2 19. Qxf4 Nd3+ 20. Kf1 Nxf4 21. Ne5) 18... Qxe5 19. Nxe5 Nxc5 ({Black should try} 19... Rd5 $17 20. Nxc6 Rxc5 21. Ne7+ Kh8) 20. Nxc4 $15 Rd4 21. Nxa5 {aiming for 0-0.} Re4+ 22. Kd2 $2 (22. Kf1 $1 $11 {and White is okay.}) 22... Rd8+ $19 23. Kc1 $2 (23. Kc2 Re2+ 24. Kc3 Na4+ 25. Kb4 Nxb6 26. Rhc1) 23... Ra4 $1 24. Nxc6 {[#]} Rd6 $4 {[%mdl 8192] [#]} (24... Rc4+ $1 $19 {and life is good for Black.} 25. Kb1 Rd6) 25. Rd1 $1 $18 {[%cal Rd1d6]} Nd3+ $2 {[#]} (25... Nb7 26. Rxd6 Nxd6) 26. Rxd3 $1 {[%mdl 512] White is clearly winning.} Rxc6+ (26... Rxd3 27. b7) 27. Kd2 {[%cal Rd3d8]} Kf8 28. b7 Rb6 29. Rd8+ Ke7 30. b8=Q {Precision: White = 28%, Black = 36%.} 1-0